000
00284nam a2200109Ia 4500
008
230320s9999||||xx |||||||||||||| ||spa||
082
_a
268/G26
100
_a
Garcia Carrasco, Joaquin
245
0
_a
Politica Docente Estudio A La Luz Del Vaticano
260
_b
Catolica
942
_8
0
_c
LIB
999
_c
34085
_d
34085